Loading...

A heritage of Canadian art : the McMichael Collection /

Bibliographic Details
Corporate Author: McMichael Canadian Collection
Other Authors: Duval, Paul
Format: Printed Book
Language:English
Published: Toronto : Clarke, Irwin, [c1976]
Subjects:
LEADER 01003cam a2200253 i 4500
008 770421r19761973onca c 000 0 eng
010 |a  77354170  
015 |a C76-5346-4 
020 |z 077201060X 
043 |a n-cn---  |a n-cn-on 
082 0 0 |a 709/.71/074011354 
110 2 |a McMichael Canadian Collection. 
245 1 2 |a A heritage of Canadian art :  |b the McMichael Collection /  |c [introd. and biographies by Paul Duval]. 
260 |a Toronto :  |b Clarke, Irwin,  |c [c1976] 
300 |a 198 p. :  |b ill. (some col.) ;  |c 27 cm. 
500 |a Previous ed. published in 1973 under title: A vision of Canada. 
610 2 0 |a McMichael Canadian Collection. 
650 0 |a Art  |z Ontario  |z Kleinburg  |v Catalogs. 
651 0 |a Canada  |v In art. 
700 1 |a Duval, Paul, 
906 |a 7  |b cbc  |c orignew  |d 3  |e ncip  |f 19  |g y-gencatlg 
942 |c BK 
999 |c 196617  |d 196617 
952 |0 0  |1 0  |4 0  |6 709_000000000000000__71_074011354  |7 0  |9 217306  |a ENG  |b ENG  |c ST1  |d 2017-03-13  |i 0006  |l 0  |o 709/.71/074011354  |p ENG0006  |r 2017-03-13  |w 2017-03-13  |y BK